[Event "Znojemska Rotunda 2006"]
[Site "?"]
[Date "2006.08.20"]
[Round "3.5"]
[White "Molik, Zdenek 1"]
[Black "Dvorak, Libor"]
[Result "1/2-1/2"]
[WhiteElo "2195"]
[BlackElo "2079"]
[PlyCount "54"]
[EventDate "2006.08.19"]

1. e4 c5 2. Nf3 d6 3. c3 Nf6 4. Bd3 Nc6 5. h3 g6 6. O-O Bg7 7. Bc2 O-O 8. d4 e5
9. Re1 Nd7 10. dxc5 dxc5 11. Nbd2 Nb6 12. Qe2 Be6 13. Nb3 Bc4 14. Qe3 Bxb3 15.
axb3 Qe7 16. Qe2 a6 17. Be3 Nd7 18. Nd2 b5 19. Red1 Rfd8 20. Nf1 Nf8 21. Rd3
Ne6 22. g3 Rxd3 23. Bxd3 Nc7 24. f3 Bf8 25. Nh2 Qe6 26. Kg2 Qxb3 27. Qf2 Rd8
1/2-1/2

[Event "Znojemska Rotunda 2006"]
[Site "?"]
[Date "2006.08.20"]
[Round "3.6"]
[White "Skaroupka, Jiri"]
[Black "Dobes, Oldrich"]
[Result "1-0"]
[WhiteElo "2161"]
[BlackElo "2084"]
[PlyCount "59"]
[EventDate "2006.08.19"]

1. d4 Nf6 2. c4 g6 3. Nc3 Bg7 4. e4 d6 5. Be2 c5 6. d5 O-O 7. Nf3 e6 8. dxe6
Bxe6 9. O-O Nc6 10. Bf4 Ne8 11. Qd2 Ne5 12. b3 Qe7 13. Rad1 a6 14. a4 f6 15.
Nd5 Qf7 16. Nb6 Rb8 17. b4 cxb4 18. Qxb4 g5 19. Be3 Nxf3+ 20. Bxf3 g4 21. Be2
f5 22. exf5 Qxf5 23. Nd5 Rf7 24. Nf4 Be5 25. Nxe6 Qxe6 26. c5 d5 27. Qxg4+ Qxg4
28. Bxg4 Rg7 29. Be6+ Kh8 30. Rxd5 1-0

[Event "Znojemska Rotunda 2006"]
[Site "?"]
[Date "2006.08.20"]
[Round "3.7"]
[White "Adam, Petr sen"]
[Black "Molik, Zdenek 2"]
[Result "1-0"]
[WhiteElo "2102"]
[BlackElo "1629"]
[PlyCount "97"]
[EventDate "2006.08.19"]

1. Nf3 d5 2. c4 e6 3. g3 c6 4. Bg2 Nf6 5. O-O Be7 6. b3 Nbd7 7. Bb2 Rb8 8. d3
b6 9. Nc3 O-O 10. e4 Bb7 11. Qe2 dxe4 12. dxe4 e5 13. Rfd1 Qc7 14. Rac1 Rbd8
15. Rc2 Nc5 16. Rcd2 Rxd2 17. Rxd2 Rd8 18. Rxd8+ Bxd8 19. b4 Ncd7 20. a3 a6 21.
Nd1 Be7 22. Ne3 g6 23. Ne1 Bf8 24. Nd3 Bg7 25. Bc3 Ne8 26. Bh3 f6 27. f4 exf4
28. gxf4 Bc8 29. c5 Nxc5 30. Bxc8 Nxd3 31. Be6+ Kf8 32. Qxd3 Qxf4 33. Ng2 Qd6
34. Qxd6+ Nxd6 35. Bd4 Ke7 36. Bg8 h6 37. Bxb6 Nxe4 38. Bc4 Kd7 39. Nf4 g5 40.
Ne6 Bh8 41. Nc5+ Nxc5 42. Bxc5 f5 43. Bxa6 Kc7 44. a4 Bg7 45. a5 f4 46. Be2 Bc3
47. a6 Bxb4 48. Bxb4 Kb6 49. Bc5+ 1-0

[Event "Znojemska Rotunda 2006"]
[Site "?"]
[Date "2006.08.20"]
[Round "3.8"]
[White "Smetak, Vaclav"]
[Black "Kukla, Tomas"]
[Result "1-0"]
[WhiteElo "2050"]
[BlackElo "1590"]
[PlyCount "63"]
[EventDate "2006.08.19"]

1. c4 Nf6 2. Nc3 e6 3. d4 d5 4. Nf3 c6 5. cxd5 exd5 6. Bg5 Bf5 7. Bxf6 Qxf6 8.
e3 Nd7 9. Be2 Bd6 10. O-O g5 11. Bd3 Bxd3 12. Qxd3 g4 13. Nd2 Qh6 14. g3 f5 15.
Qxf5 O-O-O 16. Qxg4 Rhg8 17. Qe2 Nf6 18. f4 Qg6 19. Nf3 h5 20. Ne5 Qg7 21. Rf2
h4 22. Rg2 h3 23. Rf2 Bxe5 24. fxe5 Ng4 25. Rf4 Rde8 26. Raf1 Re6 27. Rf7 Qh6
28. R1f4 Reg6 29. Qf3 Rg5 30. Nxd5 Nxe5 31. Ne7+ Kd8 32. dxe5 1-0

[Event "Znojemska Rotunda 2006"]
[Site "?"]
[Date "2006.08.20"]
[Round "3.9"]
[White "Havel, Vojtech"]
[Black "Petlak, Josef"]
[Result "0-1"]
[WhiteElo "1571"]
[BlackElo "2019"]
[PlyCount "78"]
[EventDate "2006.08.19"]

1. d4 Nf6 2. c4 g6 3. Nc3 d5 4. Nf3 Bg7 5. Bf4 c6 6. e3 O-O 7. Bd3 Nbd7 8. O-O
dxc4 9. Bxc4 Nb6 10. Bb3 Nbd5 11. Nxd5 Nxd5 12. Bxd5 Qxd5 13. Qc2 f6 14. Qc5
Qxc5 15. dxc5 e5 16. Bg3 Bg4 17. Nd2 Be2 18. Rfe1 Bd3 19. Rac1 Rfd8 20. Red1
Bf8 21. Nb3 Bc4 22. Na5 Ba6 23. b4 Kf7 24. a4 Be7 25. b5 cxb5 26. axb5 Bxb5 27.
Nxb7 Rdc8 28. Nd6+ Bxd6 29. cxd6 Rxc1 30. Rxc1 Ke6 31. Rc7 a5 32. Rb7 Bd7 33.
f4 a4 34. Be1 a3 35. Bc3 a2 36. Ba1 Rc8 37. Rc7 Rb8 38. Bc3 a1=Q+ 39. Bxa1 Rb1+
0-1

[Event "Znojemska Rotunda 2006"]
[Site "?"]
[Date "2006.08.20"]
[Round "3.10"]
[White "Jadud, Oto"]
[Black "Guzma, Vladimir"]
[Result "0-1"]
[WhiteElo "1981"]
[BlackElo "1567"]
[PlyCount "66"]
[EventDate "2006.08.19"]

1. e4 c5 2. d4 cxd4 3. c3 d5 4. exd5 Qxd5 5. cxd4 Nc6 6. Nf3 Nf6 7. Nc3 Qd6 8.
Nb5 Qd8 9. Bf4 Nd5 10. Bd2 Bg4 11. Bc4 e6 12. O-O a6 13. Bxd5 axb5 14. Bxc6+
bxc6 15. Be3 Bd6 16. h3 Bh5 17. g4 Bg6 18. h4 Be4 19. g5 h6 20. Nd2 Bd5 21. Qh5
g6 22. Qg4 hxg5 23. Bxg5 f6 24. Be3 g5 25. Nf3 Qc7 26. hxg5 f5 27. Qg2 Bh2+ 28.
Qxh2 Rxh2 29. Nxh2 O-O-O 30. f4 Rh8 31. a4 Qh7 32. Rf2 Qh3 33. Bd2 Qg3+ 0-1

[Event "Znojemska Rotunda 2006"]
[Site "?"]
[Date "2006.08.20"]
[Round "3.11"]
[White "Bilek, Martin"]
[Black "Bastyr, Pavel"]
[Result "1-0"]
[WhiteElo "1828"]
[BlackElo "1541"]
[PlyCount "43"]
[EventDate "2006.08.19"]

1. e4 e5 2. Nc3 Nf6 3. f4 Nc6 4. fxe5 Nxe5 5. d4 Ng6 6. e5 Qe7 7. Bg5 h6 8. Nd5
Nxd5 9. Bxe7 Bxe7 10. Qf3 c6 11. Bc4 Ndf4 12. Bxf7+ Kd8 13. Bxg6 Nxg6 14. Qf7
Nh4 15. Qxg7 Rf8 16. Nf3 Nf5 17. Qg6 d6 18. g4 Ne3 19. exd6 Rf6 20. dxe7+ Kxe7
21. Qg7+ Rf7 22. Qe5+ 1-0

[Event "Znojemska Rotunda 2006"]
[Site "?"]
[Date "2006.08.20"]
[Round "3.12"]
[White "Horak, Karel jun"]
[Black "Malar, Josef"]
[Result "1-0"]
[WhiteElo "1794"]
[BlackElo "1541"]
[PlyCount "97"]
[EventDate "2006.08.19"]

1. e4 e5 2. Nf3 Nc6 3. Bb5 a6 4. Ba4 Nf6 5. O-O d6 6. c3 Bd7 7. Re1 Be7 8. h3
O-O 9. d4 h6 10. Nbd2 b5 11. Bb3 Na5 12. Bc2 Nc6 13. Nf1 Re8 14. Ng3 Bf8 15.
Nh2 Ne7 16. f4 Ng6 17. f5 Ne7 18. Ng4 Nh7 19. Nh5 Kh8 20. dxe5 Ng8 21. Bf4 g6
22. exd6 gxh5 23. dxc7 Qe7 24. Ne5 Qc5+ 25. Kh1 Rxe5 26. Bxe5+ Qxe5 27. Qxd7
Bd6 28. Kg1 Bxc7 29. Qd4 f6 30. Qxe5 Bxe5 31. Rad1 Ra7 32. Rd8 Kg7 33. Red1 Nf8
34. Re8 Bc7 35. Bb3 Bb6+ 36. Kf1 Ne7 37. Rd6 Rb7 38. Rxb6 Rxb6 39. Rxe7+ Kh8
40. Ke2 Rd6 41. Be6 Nxe6 42. Rxe6 Rxe6 43. fxe6 Kg7 44. Ke3 Kf8 45. Kf4 Ke7 46.
Kf5 h4 47. b4 h5 48. e5 fxe5 49. Kxe5 1-0

[Event "Znojemska Rotunda 2006"]
[Site "?"]
[Date "2006.08.20"]
[Round "3.13"]
[White "Adam, Petr jun"]
[Black "Pokorny, Jan"]
[Result "1-0"]
[WhiteElo "1497"]
[BlackElo "1710"]
[PlyCount "99"]
[EventDate "2006.08.19"]

1. e4 e5 2. Nc3 Nc6 3. g3 a6 4. Bg2 Bc5 5. d3 Nf6 6. Nge2 d6 7. Be3 Bxe3 8.
fxe3 Bg4 9. Qd2 Qd7 10. h3 Bxe2 11. Qxe2 Ne7 12. O-O-O b5 13. d4 Qe6 14. dxe5
Qxe5 15. Qf3 O-O 16. Qf4 Ng6 17. Qxe5 dxe5 18. Nd5 Ne8 19. h4 h6 20. h5 Nh8 21.
Ne7+ Kh7 22. Rhf1 Nf6 23. Bf3 Rad8 24. Rxd8 Rxd8 25. Rd1 Rxd1+ 26. Kxd1 g6 27.
hxg6+ fxg6 28. Nc6 Nd7 29. b4 Nf7 30. Bg4 Nf6 31. Bc8 Nxe4 32. Bxa6 h5 33. Ke1
Nxg3 34. Bxb5 h4 35. Bf1 Nxf1 36. Kxf1 Nd6 37. Nxe5 g5 38. a4 Kg7 39. a5 Kf6
40. a6 Nc8 41. Nc6 h3 42. a7 Nb6 43. c4 Ke6 44. c5 Na8 45. Na5 Kd7 46. e4 g4
47. b5 Kc8 48. e5 Kd7 49. Nc4 Kc8 50. b6 1-0

[Event "Znojemska Rotunda 2006"]
[Site "?"]
[Date "2006.08.21"]
[Round "4.1"]
[White "Fryc, Miroslav"]
[Black "Maslik, Miroslav"]
[Result "0-1"]
[WhiteElo "2151"]
[BlackElo "2226"]
[PlyCount "188"]
[EventDate "2006.08.19"]

1. e4 c5 2. Nc3 Nc6 3. g3 g6 4. d3 Bg7 5. Be3 d6 6. Qd2 Nd4 7. Bg2 Qa5 8. h3 e6
9. Rc1 Bd7 10. Nge2 Rb8 11. O-O Ne7 12. Rfe1 b5 13. a3 Nxe2+ 14. Rxe2 b4 15.
axb4 Qxb4 16. Nd1 Qxd2 17. Bxd2 Nc6 18. b3 a5 19. Ne3 Nd4 20. Ree1 a4 21. bxa4
Bxa4 22. Kf1 O-O 23. Ba5 Rfc8 24. Rb1 Nxc2 25. Rxb8 Rxb8 26. Rc1 Nxe3+ 27. fxe3
Be5 28. Kf2 Rb2+ 29. Kf3 Kg7 30. g4 g5 31. Bf1 Bb5 32. Be2 h6 33. Be1 Rb3 34.
Rd1 Kf6 35. Ba5 Ke7 36. Bc7 Bc3 37. Rc1 Kd7 38. Bb6 Bc6 39. Bd1 Rxb6 40. Rxc3
Rb1 41. Ke2 Rb2+ 42. Kf3 Rd2 43. Be2 f5 44. Ra3 fxe4+ 45. dxe4 Bxe4+ 46. Kxe4
Rxe2 47. Ra7+ Kc6 48. Rh7 c4 49. Rxh6 c3 50. Rh8 c2 51. Rc8+ Kd7 52. Rc3 Rh2
53. Kd3 e5 54. Rxc2 Rxh3 55. Ra2 Rg3 56. Ra4 Rg2 57. Kc3 Kc6 58. Kd3 Kd7 59.
Kc3 Kc7 60. Kd3 Kc6 61. Kc3 Kd5 62. Kd3 Kc5 63. Kc3 Rg3 64. Kd3 Kb5 65. Re4 Rg1
66. Kd2 Ra1 67. Kd3 Rc1 68. Kd2 Rc4 69. Kd3 Rc8 70. Kd2 Re8 71. Kc3 Rc8+ 72.
Kd3 Ra8 73. Kd2 Kc5 74. Kc2 Ra7 75. Kd3 Ra3+ 76. Ke2 Rb3 77. Kd2 Kb5 78. Kc2
Ra3 79. Kd2 Ra5 80. Kc3 Ra3+ 81. Kd2 Ra7 82. Kd3 Re7 83. Kc3 d5 84. Rb4+ Kc5
85. Ra4 Rb7 86. Ra5+ Rb5 87. Ra8 d4+ 88. exd4+ exd4+ 89. Kd3 Rb3+ 90. Ke4 Re3+
91. Kf5 d3 92. Kxg5 Re5+ 93. Kf6 d2 94. Rc8+ Kd4 0-1

[Event "Znojemska Rotunda 2006"]
[Site "?"]
[Date "2006.08.21"]
[Round "4.2"]
[White "Lasinskas, Povilas"]
[Black "Skaroupka, Jiri"]
[Result "0-1"]
[WhiteElo "2124"]
[BlackElo "2161"]
[PlyCount "56"]
[EventDate "2006.08.19"]

1. d4 d5 2. Bg5 c6 3. e3 Qb6 4. Qc1 Bf5 5. Nd2 e6 6. c4 c5 7. Ngf3 Nc6 8. dxc5
Bxc5 9. Nh4 Bg4 10. h3 h6 11. Bf4 g5 12. hxg4 gxf4 13. cxd5 exd5 14. Qc3 d4 15.
exd4 Bxd4 16. Qf3 O-O-O 17. Bd3 Nge7 18. Nc4 Qb4+ 19. Kf1 Be3 20. Be2 Nd4 21.
a3 Qb3 22. Qe4 Nxe2 23. Nxe3 fxe3 24. Kxe2 Rd2+ 25. Kf1 Rd1+ 26. Ke2 Qxb2+ 27.
Kxe3 Nd5+ 28. Kf3 Qc3+ 0-1

[Event "Znojemska Rotunda 2006"]
[Site "?"]
[Date "2006.08.21"]
[Round "4.3"]
[White "Docekal, Jan"]
[Black "Blazek, Milos"]
[Result "1/2-1/2"]
[WhiteElo "2159"]
[BlackElo "2100"]
[PlyCount "67"]
[EventDate "2006.08.19"]

1. e4 e5 2. Nc3 Nf6 3. Bc4 Bc5 4. d3 Nc6 5. f4 d6 6. f5 h6 7. a3 a6 8. Nf3 Nd4
9. Nxd4 Bxd4 10. Qf3 b5 11. Bb3 c6 12. Ne2 Bb6 13. g4 d5 14. Ng3 dxe4 15. dxe4
c5 16. c3 c4 17. Bc2 Nd7 18. Be3 Bxe3 19. Qxe3 Qb6 20. Qxb6 Nxb6 21. Ke2 Bb7
22. Rhd1 Rd8 23. Rxd8+ Kxd8 24. Nh5 g6 25. Rd1+ Ke7 26. Ng3 Rd8 27. Rf1 Nd7 28.
Rf2 Nf6 29. Kf3 g5 30. h3 Rh8 31. Nh5 Nxh5 32. gxh5 f6 33. Ke3 Rd8 34. Rd2
1/2-1/2

[Event "Znojemska Rotunda 2006"]
[Site "?"]
[Date "2006.08.21"]
[Round "4.4"]
[White "Molik, Zdenek 1"]
[Black "Pokrupa, Marek"]
[Result "1/2-1/2"]
[WhiteElo "2195"]
[BlackElo "2142"]
[PlyCount "20"]
[EventDate "2006.08.19"]

1. e4 c5 2. Nf3 Nc6 3. Bb5 g6 4. O-O Bg7 5. Re1 e5 6. c3 Nge7 7. d3 O-O 8. Qe2
d6 9. Nbd2 h6 10. a3 Be6 1/2-1/2

[Event "Znojemska Rotunda 2006"]
[Site "?"]
[Date "2006.08.21"]
[Round "4.5"]
[White "Guzma, Vladimir"]
[Black "Adam, Petr sen"]
[Result "0-1"]
[WhiteElo "1567"]
[BlackElo "2102"]
[PlyCount "38"]
[EventDate "2006.08.19"]

1. e4 c5 2. Nf3 a6 3. c4 Nc6 4. Nc3 e5 5. Be2 d6 6. d3 Be7 7. O-O h6 8. h3 Bg5
9. Nd5 Bxc1 10. Rxc1 Nge7 11. a3 O-O 12. Nd2 Be6 13. f4 f5 14. fxe5 Nxe5 15.
Nf4 Bd7 16. exf5 Nxf5 17. Nd5 Bc6 18. Nf4 Qg5 19. Qe1 Ng3 0-1

[Event "Znojemska Rotunda 2006"]
[Site "?"]
[Date "2006.08.21"]
[Round "4.6"]
[White "Dvorak, Libor"]
[Black "Horak, Karel jun"]
[Result "1-0"]
[WhiteElo "2079"]
[BlackElo "1794"]
[PlyCount "39"]
[EventDate "2006.08.19"]

1. Nf3 d6 2. c4 e5 3. Nc3 f5 4. d3 Nf6 5. g3 Be7 6. Bg2 O-O 7. O-O Nc6 8. a3 a5
9. Rb1 Nh5 10. e3 f4 11. exf4 exf4 12. Nd5 Bg4 13. h3 Be6 14. g4 Nf6 15. Nxf4
Bf7 16. Ng5 Qd7 17. Nxf7 Kxf7 18. d4 Kg8 19. b3 Rab8 20. d5 1-0

[Event "Znojemska Rotunda 2006"]
[Site "?"]
[Date "2006.08.21"]
[Round "4.7"]
[White "Vavrousek, Petr"]
[Black "Smetak, Vaclav"]
[Result "1/2-1/2"]
[WhiteElo "1903"]
[BlackElo "2050"]
[PlyCount "139"]
[EventDate "2006.08.19"]

1. e4 c5 2. Nf3 d6 3. d4 cxd4 4. Nxd4 Nf6 5. Nc3 a6 6. Bc4 e6 7. Bb3 b5 8. O-O
Be7 9. Qf3 Qc7 10. Re1 O-O 11. Qg3 b4 12. Na4 Nc6 13. Nxc6 Qxc6 14. Bh6 Ne8 15.
c3 Kh8 16. Bd2 Nf6 17. f3 a5 18. Rac1 Qb5 19. Be3 Nd7 20. Bd4 Qg5 21. Qf2 Qh4
22. cxb4 axb4 23. Rc7 Qxf2+ 24. Kxf2 Bd8 25. Rc6 Ne5 26. Bxe5 dxe5 27. Rd1 Ba6
28. Rc5 Bf6 29. Nb6 Rad8 30. Rcc1 Rxd1 31. Rxd1 Rd8 32. Rxd8+ Bxd8 33. Nd7 Bc7
34. Ba4 Kg8 35. Ke1 h5 36. Nc5 Bc8 37. Nd3 Bd6 38. Kd2 Ba6 39. Bd1 g5 40. Be2
Kg7 41. h3 f5 42. Kc2 h4 43. Kb3 Kf6 44. a4 bxa3 45. bxa3 Bb7 46. exf5 exf5 47.
a4 e4 48. Ne1 Ke5 49. a5 Kf4 50. a6 Ba8 51. fxe4 fxe4 52. Bg4 Kg3 53. Kc2 Bc6
54. Kc3 Kf2 55. Nc2 Be5+ 56. Kc4 e3 57. Bf3 Bxf3 58. gxf3 Bb8 59. Kd3 Kxf3 60.
Nxe3 Kg3 61. Nf5+ Kxh3 62. Ke4 g4 63. Ne3 Ba7 64. Kf4 g3 65. Kf3 Kh2 66. Nf1+
Kg1 67. Nxg3 h3 68. Ne2+ Kh2 69. Kg4 Bb8 70. Nf4 1/2-1/2

[Event "Znojemska Rotunda 2006"]
[Site "?"]
[Date "2006.08.21"]
[Round "4.8"]
[White "Petlak, Josef"]
[Black "Adam, Petr jun"]
[Result "1-0"]
[WhiteElo "2019"]
[BlackElo "1497"]
[PlyCount "109"]
[EventDate "2006.08.19"]

1. d4 g6 2. c3 Bg7 3. e4 d6 4. Bc4 Nd7 5. Nf3 e5 6. Qb3 Qe7 7. dxe5 Nxe5 8.
Nxe5 dxe5 9. Be3 Nf6 10. f3 O-O 11. Nd2 a6 12. Qc2 b5 13. Be2 c5 14. a4 Bd7 15.
axb5 axb5 16. O-O Rfc8 17. b3 Ne8 18. Qb2 Bf8 19. Rxa8 Rxa8 20. Ra1 Qd8 21. Ra2
Nc7 22. Nb1 Rxa2 23. Qxa2 Qa8 24. Qb2 Bd6 25. Na3 c4 26. b4 Ne6 27. g3 Ng7 28.
Nb1 f5 29. Nd2 f4 30. Bf2 g5 31. Nf1 h5 32. h4 gxh4 33. gxf4 Qd8 34. Nh2 exf4
35. Bf1 Qg5+ 36. Kh1 h3 37. Qd2 Qe5 38. Bd4 Qe7 39. Qf2 Qg5 40. Qe1 Ne6 41. Bf2
Ng7 42. Qa1 Qe7 43. Qa7 Qe6 44. Bd4 Ne8 45. Qa8 Kf7 46. Qd8 Be7 47. Qb8 Bd6 48.
Qa8 Ke7 49. Qa7 Kf7 50. Qb6 Kg8 51. Bc5 Be5 52. Qxe6+ Bxe6 53. Bd4 Bxd4 54.
cxd4 Nd6 55. d5 {Cerny vzal jezdce a zjistil ze ma napadeneho strelce} ({
Podle meho nazoru to ale vubec jeste nemusel prohrat, coz mi potvrdil i fritz:
} 55. d5 Nxe4 56. fxe4 Bg4 57. Kg1 Kf7 58. Kf2 (58. e5 c3 59. Bd3 Bd1 60. Kf2
c2 61. Bxc2 Bxc2 $16) 58... Kf6 59. Be2 c3 60. Bd3 Ke5 $13) 1-0

[Event "Znojemska Rotunda 2006"]
[Site "?"]
[Date "2006.08.21"]
[Round "4.9"]
[White "Snorek, Milan"]
[Black "Bilek, Martin"]
[Result "1-0"]
[WhiteElo "2201"]
[BlackElo "1828"]
[PlyCount "51"]
[EventDate "2006.08.19"]

1. d4 d5 2. Nf3 c6 3. c4 e6 4. Nc3 Nf6 5. cxd5 exd5 6. Bg5 Bd6 7. Qc2 O-O 8. e3
Bg4 9. Ne5 Bh5 10. g4 Bg6 11. Nxg6 fxg6 12. O-O-O Nbd7 13. Kb1 Qe8 14. Be2 Qe6
15. f3 Rae8 16. h4 Kh8 17. Bd3 c5 18. dxc5 Bxc5 19. e4 d4 20. Ne2 Rc8 21. Nf4
Qd6 22. Qb3 a5 23. Be2 Nb6 24. Qe6 Qc7 25. h5 a4 26. Nxg6+ 1-0

[Event "Znojemska Rotunda 2006"]
[Site "?"]
[Date "2006.08.21"]
[Round "4.10"]
[White "Molik, Zdenek 2"]
[Black "Dobes, Oldrich"]
[Result "0-1"]
[WhiteElo "1629"]
[BlackElo "2084"]
[PlyCount "86"]
[EventDate "2006.08.19"]

1. e4 c5 2. Nf3 d6 3. d4 cxd4 4. Nxd4 Nf6 5. Nc3 a6 6. Be2 b5 7. a3 e6 8. Be3
Nbd7 9. O-O Bb7 10. f3 Be7 11. Rc1 O-O 12. Bd3 Rc8 13. Qd2 Ne5 14. Nde2 Nfd7
15. Ng3 Nb6 16. Qf2 Nbc4 17. Bxc4 Nxc4 18. Nd1 d5 19. Bd4 e5 20. Bc3 d4 21. Bd2
Nxd2 22. Qxd2 Bg5 23. f4 exf4 24. Rxf4 Qc7 25. Ne2 d3 26. cxd3 Qb6+ 27. Kh1
Rxc1 28. Qxc1 Qd6 29. Nf2 f5 30. h4 Bxf4 31. Qxf4 Qxf4 32. Nxf4 fxe4 33. N4h3
exd3 34. Nxd3 Rf1+ 35. Kh2 Bc8 36. Nhf2 Bf5 37. Kg3 Bxd3 38. Nxd3 a5 39. Ne5
Rb1 40. Nd3 Rd1 41. Nc5 Rd2 42. b3 Rc2 43. Ne4 Ra2 0-1

[Event "Znojemska Rotunda 2006"]
[Site "?"]
[Date "2006.08.21"]
[Round "4.11"]
[White "Bastyr, Pavel"]
[Black "Jadud, Oto"]
[Result "1-0"]
[WhiteElo "1541"]
[BlackElo "1981"]
[PlyCount "61"]
[EventDate "2006.08.19"]

1. d4 Nf6 2. Bg5 Ne4 3. Bf4 d5 4. f3 Nd6 5. e3 Bf5 6. Nd2 e6 7. c4 dxc4 8. Nxc4
Nxc4 9. Bxc4 Bb4+ 10. Kf2 O-O 11. Qb3 Nc6 12. Ne2 Qe7 13. Rac1 Na5 14. Qd1 Nxc4
15. Rxc4 Ba5 16. Ng3 Bg6 17. Ne4 f6 18. Qb3 Kh8 19. Qa4 Bb6 20. Rhc1 c6 21. Qb3
e5 22. dxe5 fxe5 23. Bg5 Qe6 24. Qb4 Qf5 25. Be7 Bxe3+ 26. Kxe3 Qf4+ 27. Ke2
Bxe4 28. Rxe4 Qxc1 29. Bxf8 Qc2+ 30. Kf1 Rd8 31. Bxg7+ 1-0

[Event "Znojemska Rotunda 2006"]
[Site "?"]
[Date "2006.08.21"]
[Round "4.12"]
[White "Horak, Karel sen"]
[Black "Holik, Jakub"]
[Result "1-0"]
[WhiteElo "1786"]
[BlackElo "1414"]
[PlyCount "89"]
[EventDate "2006.08.19"]

1. d4 Nf6 2. c4 e6 3. Nc3 d5 4. Bg5 Be7 5. e3 Nbd7 6. Nf3 b6 7. cxd5 exd5 8.
Bd3 c5 9. O-O O-O 10. dxc5 bxc5 11. e4 d4 12. Ne2 Nb6 13. Rc1 Qc7 14. Nexd4 Bg4
15. Nb5 Qc6 16. Nc3 Rfe8 17. Bb5 Qe6 18. Bxe8 Rxe8 19. Re1 Rd8 20. Qe2 h6 21.
Bh4 Nc4 22. Nd5 Ne5 23. Nxe7+ Qxe7 24. Rcd1 Nxf3+ 25. gxf3 Be6 26. Rxd8+ Qxd8
27. e5 g5 28. Bxg5 hxg5 29. exf6 Qxf6 30. Qe5 Qe7 31. Rc1 f6 32. Qxc5 Qxc5 33.
Rxc5 Bxa2 34. Rc8+ Kf7 35. Rc7+ Kg6 36. Rxa7 Bd5 37. Ra3 Kf5 38. Kg2 Ke5 39.
Ra5 Ke6 40. Rxd5 Kxd5 41. Kg3 Ke5 42. Kg4 Ke6 43. f4 gxf4 44. Kxf4 Kf7 45. b4
1-0

[Event "Znojemska Rotunda 2006"]
[Site "?"]
[Date "2006.08.21"]
[Round "4.14"]
[White "Malar, Josef"]
[Black "Havel, Vojtech"]
[Result "1/2-1/2"]
[WhiteElo "1541"]
[BlackElo "1571"]
[PlyCount "22"]
[EventDate "2006.08.19"]

1. Nf3 Nf6 2. c4 c5 3. g3 e6 4. Bg2 d5 5. b3 Nbd7 6. O-O b6 7. Bb2 Be7 8. d3
O-O 9. Nbd2 Bb7 10. a3 Qc7 11. Qc2 a6 1/2-1/2

[Event "Znojemska Rotunda 2006"]
[Site "?"]
[Date "2006.08.21"]
[Round "4.15"]
[White "Jostic, Peter"]
[Black "Pokorny, Jan"]
[Result "0-1"]
[WhiteElo "1400"]
[BlackElo "1710"]
[PlyCount "98"]
[EventDate "2006.08.19"]

1. e4 e5 2. f4 d6 3. Nf3 Bg4 4. Bc4 Nc6 5. Bxf7+ Kd7 6. h3 Bxf3 7. Qxf3 Nh6 8.
Bb3 Qh4+ 9. g3 Qf6 10. Nc3 Nd4 11. Qf2 c6 12. d3 a5 13. Be3 b5 14. a3 Nxb3 15.
cxb3 Be7 16. d4 Rhb8 17. dxe5 dxe5 18. O-O b4 19. axb4 Rxb4 20. Bc5 Rxb3 21.
Bxe7 Qxe7 22. Na4 Kc7 23. Rfd1 Rb4 24. Nc3 Kb7 25. Rd2 Nf7 26. Rad1 Rd8 27.
Rxd8 Nxd8 28. fxe5 Nf7 29. Qf5 Nxe5 30. Rd2 g6 31. Qf2 Nc4 32. Re2 Qg7 33. Qc5
Nxb2 34. e5 Qc7 35. Ne4 Nd3 36. Qc3 Qb6+ 37. Kg2 Rxe4 38. Qxd3 Rxe2+ 39. Qxe2
Qd8 40. e6 Qe7 41. h4 Kc7 42. Qe5+ Kc8 43. h5 a4 44. g4 a3 45. h6 a2 46. Kh3
Qa3+ 47. Kh4 a1=Q 48. Qe4 Qf6+ 49. g5 Qf2+ 0-1

[Event "Znojemska Rotunda 2006"]
[Site "?"]
[Date "2006.08.22"]
[Round "5.1"]
[White "Maslik, Miroslav"]
[Black "Skaroupka, Jiri"]
[Result "1-0"]
[WhiteElo "2226"]
[BlackElo "2161"]
[PlyCount "76"]
[EventDate "2006.08.19"]

1. d4 d5 2. c4 c6 3. e3 Nf6 4. Nc3 g6 5. Nf3 Bg7 6. Bd3 O-O 7. O-O Bg4 8. h3
Bxf3 9. Qxf3 e6 10. Rd1 Nbd7 11. e4 dxe4 12. Nxe4 Nxe4 13. Bxe4 Nb6 14. Qe2 Qh4
15. f4 Rad8 16. Be3 g5 17. a4 gxf4 18. Bf2 Qe7 19. a5 Nc8 20. a6 b5 21. Bxc6
bxc4 22. Qxc4 Nb6 23. Qc5 Rd6 24. Bb7 Rfd8 25. Rac1 e5 26. Re1 Qg5 27. dxe5 Rd2
28. e6 Qxc5 29. Bxc5 f3 30. Bxf3 Nd5 31. e7 Re8 32. Rcd1 Rxd1 33. Bxd1 Bf6 34.
Ba4 Rxe7 35. Bxe7 Bxe7 36. Re5 Bc5+ 37. Kh1 Nb6 38. Rxc5 Nxa4 1-0

[Event "Znojemska Rotunda 2006"]
[Site "?"]
[Date "2006.08.22"]
[Round "5.2"]
[White "Adam, Petr sen"]
[Black "Docekal, Jan"]
[Result "1/2-1/2"]
[WhiteElo "2102"]
[BlackElo "2159"]
[PlyCount "92"]
[EventDate "2006.08.19"]

1. d4 e6 2. e4 d5 3. Nc3 dxe4 4. Nxe4 Nd7 5. Nf3 Ngf6 6. Bg5 Be7 7. Nxf6+ Nxf6
8. Bd3 c5 9. dxc5 Bxc5 10. O-O O-O 11. Qe2 Be7 12. Rad1 Qc7 13. Rfe1 b6 14. Ne5
Bb7 15. Bxf6 Bxf6 16. Nd7 Rfd8 17. Nxf6+ gxf6 18. Qg4+ Kf8 19. Bxh7 a5 20. Bd3
Rd5 21. h4 Rad8 22. Qg3 Qc5 23. Re3 Rd4 24. Rde1 Qh5 25. Qc7 R8d7 26. Qb8+ Ke7
27. g3 Qd5 28. f3 Qc5 29. Kg2 Bc8 30. g4 R4d6 31. a3 Rb7 32. Qa8 Qc7 33. R1e2
Rd4 34. Ba6 Rb8 35. Rc3 Qd6 36. Qa7+ Bd7 37. Rc7 Rg8 38. Kh3 Qf4 39. Qb7 Rxg4
40. fxg4 Qxg4+ 41. Kh2 Qxh4+ 42. Kg2 Rg4+ 43. Kf1 Rf4+ 44. Kg1 Rg4+ 45. Kf1
Rf4+ 46. Kg1 Rg4+ 1/2-1/2

[Event "Znojemska Rotunda 2006"]
[Site "?"]
[Date "2006.08.22"]
[Round "5.3"]
[White "Pokrupa, Marek"]
[Black "Dvorak, Libor"]
[Result "1/2-1/2"]
[WhiteElo "2142"]
[BlackElo "2079"]
[PlyCount "168"]
[EventDate "2006.08.19"]

1. e4 c5 2. Nf3 d6 3. Bb5+ Bd7 4. Bxd7+ Qxd7 5. c4 Nc6 6. d4 cxd4 7. Nxd4 Nf6
8. Nc3 g6 9. f3 Nxd4 10. Qxd4 Bg7 11. O-O O-O 12. Qd3 Rfc8 13. Be3 a6 14. a4
Qc7 15. b3 Qa5 16. Rfc1 Qb4 17. Rab1 e6 18. Kh1 Nd7 19. Bd2 Qc5 20. Be3 Qb4 21.
Bd2 Qc5 22. f4 Qd4 23. Qe2 Nc5 24. a5 Qd3 25. Qxd3 Nxd3 26. Rf1 d5 27. exd5
Bxc3 28. Bxc3 exd5 29. Rf3 dxc4 30. bxc4 Nc5 31. f5 Ne4 32. fxg6 fxg6 33. Rxb7
Nxc3 34. Rxc3 Rc5 35. Kg1 Rac8 36. Rf3 Rxc4 37. Rff7 Rc1+ 38. Kf2 R1c2+ 39. Kg3
R8c3+ 40. Kh4 Rc4+ 41. Kh3 R4c3+ 42. g3 Rc5 43. Rg7+ Kf8 44. Rbf7+ Ke8 45. Ra7
Rh5+ 46. Kg4 Rc4+ 47. Kf3 Kf8 48. Rgb7 Rf5+ 49. Ke3 Rc8 50. Rxh7 Re8+ 51. Kd4
Rd8+ 52. Kc4 Rc8+ 53. Kd4 Rd8+ 54. Kc4 Rc8+ 55. Rac7 Rxc7+ 56. Rxc7 Rxa5 57.
Kb4 Ra2 58. h4 Rg2 59. Rc3 Re2 60. Rc6 Kg7 61. Rxa6 Re3 62. Ra7+ Kf6 63. Ra6+
Kf5 64. Ra5+ Kf6 65. Rg5 Re5 66. Rg4 g5 67. h5 Re3 68. h6 Kg6 69. h7 Re8 70.
Kc5 Rh8 71. Re4 Rxh7 72. g4 Rd7 73. Re6+ Kf7 74. Rd6 Rxd6 75. Kxd6 Kf6 76. Kd5
Kf7 77. Ke5 Ke7 78. Kf5 Kf7 79. Kxg5 Kg7 80. Kf5 Kf7 81. g5 Kg7 82. g6 Kg8 83.
Kg5 Kg7 84. Kh5 Kg8 1/2-1/2

[Event "Znojemska Rotunda 2006"]
[Site "?"]
[Date "2006.08.22"]
[Round "5.4"]
[White "Blazek, Milos"]
[Black "Petlak, Josef"]
[Result "1-0"]
[WhiteElo "2100"]
[BlackElo "2019"]
[PlyCount "71"]
[EventDate "2006.08.19"]

1. e4 e5 2. Nf3 Nc6 3. Bb5 a6 4. Ba4 Nf6 5. O-O Be7 6. Bxc6 dxc6 7. d3 Nd7 8.
b3 f6 9. Bb2 Nf8 10. Nbd2 Bg4 11. Nc4 Ne6 12. Ne3 Bh5 13. Nf5 O-O 14. Ng3 Qe8
15. Nxh5 Qxh5 16. g3 g5 17. h4 h6 18. Kg2 Kg7 19. Nxg5 Qxd1 20. Nxe6+ Kf7 21.
Raxd1 Kxe6 22. f4 Rg8 23. fxe5 fxe5 24. Rf5 Bxh4 25. Bxe5 Rac8 26. Kh3 Be7 27.
Rdf1 Rg6 28. d4 Rcg8 29. Bxc7 Rg4 30. Bf4 R8g6 31. c4 Bb4 32. d5+ cxd5 33.
cxd5+ Ke7 34. Rc1 Bd2 35. Rc7+ Ke8 36. Bd6 1-0